[Event "EUYCC 2020 - U14"]
[Site "?"]
[Date "2020.08.22"]
[Round "9.9"]
[White "Wagner, Margarethe"]
[Black "Bildat, Emilia"]
[Result "0-1"]
[BlackElo "1670"]
[WhiteElo "1907"]
[LiveChessVersion "1.4.8"]

1. e4 {[%clk 1:30:59]} c5 {[%clk 1:30:48]} 2. Nf3 {[%clk 1:31:22]} g6
{[%clk 1:31:07]} 3. d4 {[%clk 1:31:45]} cxd4 {[%clk 1:31:28]} 4. Nxd4
{[%clk 1:32:08]} Bg7 {[%clk 1:31:50]} 5. c4 {[%clk 1:32:19]} Nc6 {[%clk 1:32:03]}
6. Be3 {[%clk 1:32:30]} Nf6 {[%clk 1:32:17]} 7. Nc3 {[%clk 1:32:50]} d6
{[%clk 1:32:27]} 8. Be2 {[%clk 1:32:58]} O-O {[%clk 1:32:25]} 9. O-O
{[%clk 1:33:17]} Bd7 {[%clk 1:32:29]} 10. Qd2 {[%clk 1:32:51]} Nxd4
{[%clk 1:32:09]} 11. Bxd4 {[%clk 1:33:11]} Bc6 {[%clk 1:31:58]} 12. f3
{[%clk 1:33:21]} Nd7 {[%clk 1:31:46]} 13. Be3 {[%clk 1:33:12]} a5
{[%clk 1:31:30]} 14. b3 {[%clk 1:31:54]} Nc5 {[%clk 1:31:06]} 15. Rab1
{[%clk 1:29:45]} e6 {[%clk 1:29:10]} 16. Rfc1 {[%clk 1:27:27]} Be5
{[%clk 1:27:28]} 17. Bf1 {[%clk 1:23:14]} Qe7 {[%clk 1:24:32]} 18. Nb5
{[%clk 1:13:04]} Bxb5 {[%clk 1:16:30]} 19. cxb5 {[%clk 1:13:16]} b6
{[%clk 1:13:51]} 20. a4 {[%clk 1:05:06]} f5 {[%clk 1:09:16]} 21. exf5
{[%clk 1:00:48]} gxf5 {[%clk 1:08:37]} 22. f4 {[%clk 0:56:07]} Bg7
{[%clk 1:06:21]} 23. g3 {[%clk 0:53:50]} d5 {[%clk 1:01:57]} 24. Bg2
{[%clk 0:48:48]} Rac8 {[%clk 1:00:44]} 25. Kh1 {[%clk 0:41:17]} Rfd8
{[%clk 0:57:37]} 26. Bd4 {[%clk 0:38:21]} Nxb3 {[%clk 0:56:11]} 27. Rxb3
{[%clk 0:36:55]} Rxc1+ {[%clk 0:56:31]} 28. Qxc1 {[%clk 0:36:55]} Bxd4
{[%clk 0:56:47]} 29. Rd3 {[%clk 0:35:10]} Bc5 {[%clk 0:50:47]} 30. Qe1
{[%clk 0:33:42]} Kf7 {[%clk 0:47:33]} 31. Qe2 {[%clk 0:30:21]} Qf6
{[%clk 0:46:31]} 32. Rd1 {[%clk 0:28:55]} Rc8 {[%clk 0:40:00]} 33. Rc1
{[%clk 0:24:23]} Rc7 {[%clk 0:39:46]} 34. Qh5+ {[%clk 0:21:39]} Qg6
{[%clk 0:36:38]} 35. Qxg6+ {[%clk 0:18:54]} hxg6 {[%clk 0:35:40]} 36. h3
{[%clk 0:16:36]} Bd6 {[%clk 0:34:43]} 37. Rc6 {[%clk 0:14:04]} Rxc6
{[%clk 0:29:41]} 38. bxc6 {[%clk 0:14:27]} b5 {[%clk 0:29:07]} 39. axb5
{[%clk 0:13:54]} Bc7 {[%clk 0:29:29]} 40. Bf3 {[%clk 0:10:53]} a4
{[%clk 0:29:28]} 41. Bd1 {[%clk 0:11:15]} a3 {[%clk 0:29:52]} 42. Bb3
{[%clk 0:11:40]} Ke7 {[%clk 0:30:15]} 43. Kg2 {[%clk 0:09:24]} Kd6
{[%clk 0:29:23]} 44. g4 {[%clk 0:08:46]} fxg4 {[%clk 0:29:03]} 45. hxg4
{[%clk 0:08:55]} Kc5 {[%clk 0:29:13]} 46. f5 {[%clk 0:08:56]} exf5
{[%clk 0:26:16]} 47. gxf5 {[%clk 0:09:15]} gxf5 {[%clk 0:26:31]} 48. Kf3
{[%clk 0:08:30]} d4 {[%clk 0:24:40]} 49. Ke2 {[%clk 0:04:47]} Kxb5
{[%clk 0:19:08]} 50. Kd3 {[%clk 0:03:17]} Kc5 {[%clk 0:18:53]} 51. Kc2
{[%clk 0:02:17]} Kxc6 {[%clk 0:18:48]} 52. Bc4 {[%clk 0:01:55]} f4
{[%clk 0:16:46]} 53. Bd3 {[%clk 0:01:03]} Kd5 {[%clk 0:16:20]} 54. Kb3
{[%clk 0:00:57]} Bd6 {[%clk 0:16:11]} 55. Ka2 {[%clk 0:01:06]} f3
{[%clk 0:16:06]} 56. Kb3 {[%clk 0:01:03]} Ke5 {[%clk 0:16:15]} 57. Ka2
{[%clk 0:00:36]} 0-1

[Event "EUYCC 2020 - U14"]
[Site "?"]
[Date "2020.08.22"]
[Round "9.10"]
[White "Valdman, Jakub"]
[Black "Vilimek, Vit"]
[Result "0-1"]
[BlackElo "1761"]
[WhiteElo "1443"]
[LiveChessVersion "1.4.8"]

1. e4 {[%clk 1:30:58]} c5 {[%clk 1:30:52]} 2. Nf3 {[%clk 1:31:23]} Nc6
{[%clk 1:31:16]} 3. d4 {[%clk 1:31:49]} cxd4 {[%clk 1:31:40]} 4. Nxd4
{[%clk 1:32:15]} Nf6 {[%clk 1:31:57]} 5. Nc3 {[%clk 1:32:39]} e5 {[%clk 1:32:05]}
6. Ndb5 {[%clk 1:32:55]} d6 {[%clk 1:32:30]} 7. Bg5 {[%clk 1:32:15]} a6
{[%clk 1:32:50]} 8. Na3 {[%clk 1:32:41]} b5 {[%clk 1:33:14]} 9. Nd5 Be7
{[%clk 1:33:38]} 10. Bxf6 {[%clk 1:32:28]} Bxf6 {[%clk 1:34:06]} 11. c3
{[%clk 1:31:30]} Bg5 {[%clk 1:34:16]} 12. Nc2 {[%clk 1:29:19]} O-O
{[%clk 1:34:37]} 13. Nce3 {[%clk 1:21:05]} Kh8 {[%clk 1:35:00]} 14. Bd3
{[%clk 1:19:58]} g6 {[%clk 1:34:29]} 15. Qc2 {[%clk 1:12:20]} Be6
{[%clk 1:32:16]} 16. O-O {[%clk 1:09:18]} f5 {[%clk 1:30:13]} 17. exf5
{[%clk 0:50:50]} gxf5 {[%clk 1:30:26]} 18. Bxf5 {[%clk 0:50:33]} Rxf5
{[%clk 1:29:56]} 19. Nxf5 {[%clk 0:49:10]} Bxd5 {[%clk 1:30:23]} 20. Ne3
{[%clk 0:44:52]} Be6 {[%clk 1:30:05]} 21. a3 {[%clk 0:42:33]} Qf6
{[%clk 1:23:13]} 22. Rad1 {[%clk 0:39:17]} Rd8 {[%clk 1:20:48]} 23. Qe4
{[%clk 0:37:33]} Ne7 {[%clk 1:18:41]} 24. Qb7 {[%clk 0:28:55]} Bb3
{[%clk 1:09:25]} 25. Rde1 {[%clk 0:24:38]} Rg8 {[%clk 0:40:22]} 26. Qxa6
{[%clk 0:14:54]} Qg6 {[%clk 0:34:29]} 27. g3 {[%clk 0:14:04]} Qd3
{[%clk 0:34:22]} 28. Qb6 {[%clk 0:09:19]} Ng6 {[%clk 0:26:23]} 29. Kh1
{[%clk 0:02:38]} Bc4 {[%clk 0:19:46]} 30. Nxc4 {[%clk 0:02:04]} Qf3+
{[%clk 0:17:14]} 0-1

[Event "EUYCC 2020 - U14"]
[Site "?"]
[Date "2020.08.22"]
[Round "9.11"]
[White "Fizerova, Lucie"]
[Black "Nespora, Tatana"]
[Result "1/2-1/2"]
[BlackElo "1261"]
[WhiteElo "1605"]
[LiveChessVersion "1.4.8"]

1. c4 {[%clk 1:30:54]} g6 {[%clk 1:30:38]} 2. g3 {[%clk 1:31:11]} Bg7
{[%clk 1:30:28]} 3. Bg2 {[%clk 1:31:32]} d6 {[%clk 1:30:21]} 4. Nc3
{[%clk 1:31:33]} e5 {[%clk 1:29:07]} 5. e4 {[%clk 1:31:43]} Ne7 {[%clk 1:27:49]}
6. Nge2 {[%clk 1:31:44]} O-O {[%clk 1:26:44]} 7. O-O {[%clk 1:31:37]} Nbc6
{[%clk 1:26:20]} 8. d3 {[%clk 1:30:49]} Be6 {[%clk 1:21:26]} 9. h3
{[%clk 1:28:57]} f5 {[%clk 1:09:17]} 10. f4 {[%clk 1:26:09]} Qd7 {[%clk 1:06:48]}
11. Kh2 {[%clk 1:26:15]} Rab8 {[%clk 1:05:25]} 12. b3 {[%clk 1:11:07]} a6
{[%clk 0:49:22]} 13. Bb2 {[%clk 1:08:36]} Rbd8 {[%clk 0:33:22]} 14. Qd2
{[%clk 1:04:29]} Nb8 {[%clk 0:23:35]} 15. d4 {[%clk 1:00:26]} exd4
{[%clk 0:12:52]} 16. Nxd4 {[%clk 0:59:06]} Nbc6 {[%clk 0:13:06]} 17. Nxe6
{[%clk 0:56:37]} Qxe6 {[%clk 0:13:01]} 18. exf5 {[%clk 0:55:38]} Qxf5
{[%clk 0:09:56]} 19. Be4 {[%clk 0:53:46]} Qd7 {[%clk 0:09:30]} 20. Nd5
{[%clk 0:53:38]} Nxd5 {[%clk 0:05:15]} 21. Bxd5+ {[%clk 0:53:18]} Kh8
{[%clk 0:05:08]} 22. Rae1 {[%clk 0:47:26]} Rde8 {[%clk 0:04:40]} 23. Rxe8
{[%clk 0:39:42]} Rxe8 {[%clk 0:05:00]} 24. Rf2 {[%clk 0:29:01]} Bxb2
{[%clk 0:03:37]} 25. Qxb2+ {[%clk 0:29:21]} Qg7 {[%clk 0:04:02]} 26. Qxg7+
{[%clk 0:24:29]} Kxg7 {[%clk 0:04:25]} 27. Kg2 {[%clk 0:24:48]} Kf6
{[%clk 0:04:50]} 28. Kf1 {[%clk 0:24:21]} Re3 {[%clk 0:04:53]} 29. Rf3
{[%clk 0:23:55]} Rxf3+ {[%clk 0:04:24]} 30. Bxf3 {[%clk 0:24:24]} Ke7
{[%clk 0:04:53]} 31. Kf2 {[%clk 0:24:18]} Kd7 {[%clk 0:05:13]} 32. Bd5
{[%clk 0:24:09]} b6 {[%clk 0:05:10]} 33. Bg8 {[%clk 0:24:00]} h6 {[%clk 0:05:34]}
34. Bf7 {[%clk 0:20:54]} Ne7 {[%clk 0:05:55]} 35. Kf3 {[%clk 0:20:57]} a5
{[%clk 0:06:00]} 36. g4 {[%clk 0:19:33]} Kd8 {[%clk 0:05:22]} 37. Ke4
{[%clk 0:19:20]} Kd7 {[%clk 0:05:32]} 38. f5 {[%clk 0:19:13]} gxf5+
{[%clk 0:05:38]} 39. gxf5 {[%clk 0:19:42]} Nc6 {[%clk 0:05:44]} 40. f6
{[%clk 0:18:34]} Ne5 {[%clk 0:06:06]} 41. Bg8 {[%clk 0:17:41]} Ke8
{[%clk 0:06:05]} 42. Be6 {[%clk 0:15:11]} Kf8 {[%clk 0:05:23]} 43. a3
{[%clk 0:14:01]} Ke8 {[%clk 0:05:33]} 44. b4 {[%clk 0:14:02]} axb4
{[%clk 0:05:27]} 45. axb4 {[%clk 0:14:31]} Nf7 {[%clk 0:03:53]} 46. Kf5
{[%clk 0:09:20]} Kf8 {[%clk 0:03:05]} 47. Kg6 {[%clk 0:06:49]} Ng5
{[%clk 0:03:26]} 48. Bf5 {[%clk 0:04:03]} Nf7 {[%clk 0:03:48]} 49. h4
{[%clk 0:02:29]} Ne5+ {[%clk 0:01:50]} 50. Kxh6 {[%clk 0:02:49]} Nxc4
{[%clk 0:02:17]} 51. h5 {[%clk 0:03:02]} Ne5 {[%clk 0:02:43]} 52. Kg5
{[%clk 0:03:15]} Nf7+ {[%clk 0:02:59]} 53. Kf4 {[%clk 0:02:36]} c5
{[%clk 0:02:44]} 54. b5 {[%clk 0:01:53]} Nh6 {[%clk 0:02:08]} 55. Bg6
{[%clk 0:01:44]} c4 {[%clk 0:01:26]} 56. Ke4 {[%clk 0:01:15]} Ng4
{[%clk 0:01:23]} 57. Kd4 {[%clk 0:00:57]} Nxf6 {[%clk 0:01:46]} 58. Kxc4
{[%clk 0:01:22]} Kg7 {[%clk 0:01:32]} 59. Kd4 {[%clk 0:01:07]} Kh6
{[%clk 0:01:40]} 60. Bf7 {[%clk 0:00:53]} Kg7 {[%clk 0:01:36]} 61. Bg6
{[%clk 0:00:41]} Kh6 {[%clk 0:02:01]} 62. Bf7 {[%clk 0:01:02]} Kg7
{[%clk 0:02:30]} 63. Bc4 {[%clk 0:01:01]} Kh6 {[%clk 0:02:30]} 64. Be2
{[%clk 0:01:04]} Kg5 {[%clk 0:02:33]} 65. Bf3 {[%clk 0:01:10]} Kh6
{[%clk 0:02:52]} 66. Ke3 {[%clk 0:00:43]} Kg5 {[%clk 0:03:09]} 67. Be2
{[%clk 0:00:49]} Nd5+ {[%clk 0:03:10]} 68. Kd2 {[%clk 0:00:42]} Nf6
{[%clk 0:03:15]} 69. Ke3 {[%clk 0:00:38]} 1/2-1/2

[Event "EUYCC 2020 - U14"]
[Site "?"]
[Date "2020.08.22"]
[Round "9.12"]
[White "Werner, Rosalie"]
[Black "Bangerter, Daria"]
[Result "1/2-1/2"]
[BlackElo "1494"]
[WhiteElo "1791"]
[LiveChessVersion "1.4.8"]

1. e4 {[%clk 1:30:59]} e5 {[%clk 1:30:53]} 2. Nf3 {[%clk 1:31:24]} Nc6
{[%clk 1:31:17]} 3. Bb5 {[%clk 1:31:49]} a6 {[%clk 1:31:42]} 4. Bxc6
{[%clk 1:32:16]} dxc6 {[%clk 1:32:03]} 5. O-O {[%clk 1:32:40]} Bg4
{[%clk 1:32:12]} 6. h3 {[%clk 1:33:04]} h5 {[%clk 1:32:06]} 7. d3
{[%clk 1:33:26]} Qf6 {[%clk 1:31:37]} 8. Be3 {[%clk 1:33:46]} Bxf3
{[%clk 1:31:39]} 9. Qxf3 {[%clk 1:34:08]} Qxf3 {[%clk 1:31:58]} 10. gxf3
{[%clk 1:34:34]} Bd6 {[%clk 1:31:41]} 11. Nd2 {[%clk 1:34:33]} f6
{[%clk 1:29:00]} 12. Nc4 {[%clk 1:29:59]} Ne7 {[%clk 1:23:25]} 13. f4
{[%clk 1:28:28]} exf4 {[%clk 1:19:48]} 14. Nxd6+ {[%clk 1:28:47]} cxd6
{[%clk 1:20:08]} 15. Bxf4 {[%clk 1:29:04]} Kd7 {[%clk 1:16:51]} 16. Bd2
{[%clk 1:23:26]} Rag8 {[%clk 1:12:03]} 17. Bc3 {[%clk 1:21:48]} Rh6
{[%clk 1:09:00]} 18. Kh2 {[%clk 1:16:30]} g5 {[%clk 1:07:04]} 19. Rg1
{[%clk 1:11:57]} f5 {[%clk 1:02:23]} 20. Rg2 {[%clk 1:07:31]} Rhg6
{[%clk 0:59:06]} 21. Rag1 {[%clk 1:05:04]} g4 {[%clk 0:56:40]} 22. f3
{[%clk 0:47:18]} fxe4 {[%clk 0:49:56]} 23. fxg4 {[%clk 0:38:53]} exd3
{[%clk 0:41:24]} 24. cxd3 {[%clk 0:38:03]} hxg4 {[%clk 0:39:27]} 25. Rxg4
{[%clk 0:37:16]} Rxg4 {[%clk 0:35:49]} 26. Rxg4 {[%clk 0:31:22]} Rxg4
{[%clk 0:34:19]} 27. hxg4 {[%clk 0:31:45]} Ke6 {[%clk 0:33:32]} 28. Kg3
{[%clk 0:31:27]} Ng6 {[%clk 0:32:28]} 29. Kf3 {[%clk 0:29:38]} d5
{[%clk 0:26:16]} 30. b4 {[%clk 0:21:22]} b6 {[%clk 0:16:51]} 31. Bd4
{[%clk 0:19:56]} c5 {[%clk 0:14:25]} 32. bxc5 {[%clk 0:18:05]} bxc5
{[%clk 0:14:36]} 33. Bxc5 {[%clk 0:18:17]} Ne5+ {[%clk 0:14:26]} 34. Ke3
{[%clk 0:07:22]} Nxg4+ {[%clk 0:14:12]} 35. Kd2 {[%clk 0:06:52]} Ne5
{[%clk 0:11:10]} 36. d4 {[%clk 0:05:25]} Nf3+ {[%clk 0:06:16]} 37. Kc3
{[%clk 0:03:26]} Nxd4 {[%clk 0:03:59]} 38. Bxd4 {[%clk 0:03:49]} 1/2-1/2